LEADER 03502nam 22007573u 450 001 9910453869603321 005 20210713003013.0 010 $a1-78138-674-9 010 $a1-84631-330-9 035 $a(CKB)1000000000576139 035 $a(EBL)380740 035 $a(OCoLC)476209947 035 $a(SSID)ssj0000081563 035 $a(PQKBManifestationID)11110503 035 $a(PQKBTitleCode)TC0000081563 035 $a(PQKBWorkID)10114342 035 $a(PQKB)11361793 035 $a(StDuBDS)EDZ0000127364 035 $a(UkCbUP)CR9781781386743 035 $a(MiAaPQ)EBC380740 035 $a(EXLCZ)991000000000576139 100 $a20130418d2000|||| u|| | 101 0 $aeng 135 $aur|n|---||||| 181 $ctxt 182 $cc 183 $acr 200 10$aHyperscapes in the Poetry of Frank O'Hara$b[electronic resource] $eDifference, Homosexuality, Topography 210 1$aLiverpool :$cLiverpool University Press,$d2000. 215 $a1 online resource (240 p.) 300 $aDescription based upon print version of record. 311 $a0-85323-994-0 320 $aIncludes bibliographical references and index. 327 $aTitle Page; Contents; Preface; Introduction; 1: Resituating O'Hara; 2: The Hyperscape and Hypergrace: The City and The Body; 3: In Memory of Metaphor: Metonymic Webs and the Deconstruction of Genre; 4: The Gay New Yorker: The Morphing Sexuality; 5: The Poem as Talkscape: Conversation, Gossip, Performativity, Improvisation; 6: Why I Am Not a Painter: Visual Art, Semiotic Exchange, Collaboration; Coda: Moving the Landscapes; Appendix: More Collaboration; Select Bibliography; Index 330 $aFrank O'Hara's poetry evokes a specific era and location: New York in the fifties and early sixties. This is a pre-computer age of typewritten manuscripts, small shops and lunch hours: it is also an age of gay repression, accelerating consumerism and race riots. Hazel Smith suggests that the location and dislocation of the cityscape creates 'hyperscapes' in the poetry of Frank O'Hara. The hyperscape is a postmodern site characterised by difference, breaking down unified concepts of text, city, subject and art, and remoulding them into new textual, subjective and political spaces. This book the 606 $aO''Hara, Frank 606 $aHomosexuality and literature$xHistory$y20th century$zUnited States 606 $aArt and literature$xHistory$y20th century$zUnited States 606 $aDifference (Psychology) in literature 606 $aCity and town life in literature 606 $aGay men in literature 606 $aEnglish$2HILCC 606 $aLanguages & Literatures$2HILCC 606 $aAmerican Literature$2HILCC 607 $aNew York (N.Y.)$xIn literature 608 $aElectronic books. 615 4$aO''Hara, Frank. 615 0$aHomosexuality and literature$xHistory 615 0$aArt and literature$xHistory 615 0$aDifference (Psychology) in literature 615 0$aCity and town life in literature 615 0$aGay men in literature 615 7$aEnglish 615 7$aLanguages & Literatures 615 7$aAmerican Literature 676 $a811.54 676 $a811/.54 700 $aSmith$b Hazel$f1950-$0991550 801 0$bAU-PeEL 801 1$bAU-PeEL 801 2$bAU-PeEL 906 $aBOOK 912 $a9910453869603321 996 $aHyperscapes in the Poetry of Frank O'Hara$92269239 997 $aUNINA 999 $p$86.63$u12/04/2017$5Eng LEADER 02230nam 2200637Ia 450 001 9910778680903321 005 20230215190158.0 010 $a1-280-24607-3 010 $a9786610246076 010 $a0-309-53374-0 010 $a0-585-14913-5 035 $a(CKB)110986584750598 035 $a(OCoLC)43477128 035 $a(CaPaEBR)ebrary10060477 035 $a(SSID)ssj0000144419 035 $a(PQKBManifestationID)11150742 035 $a(PQKBTitleCode)TC0000144419 035 $a(PQKBWorkID)10145922 035 $a(PQKB)10704198 035 $a(MiAaPQ)EBC3376877 035 $a(Au-PeEL)EBL3376877 035 $a(CaPaEBR)ebr10060477 035 $a(CaONFJC)MIL24607 035 $a(OCoLC)940510299 035 $a(EXLCZ)99110986584750598 100 $a20040926d1981 ma 0 101 0 $aeng 135 $aurcn||||||||| 181 $ctxt$2rdacontent 182 $cc$2rdamedia 183 $acr$2rdacarrier 200 00$aEffect of environment on nutrient requirements of domestic animals /$fSubcommittee on Environmental Stress, Committee on Animal Nutrition, Board on Agriculture and Renewable Resources, Commission on Natural Resources, National Research Council 210 1$aWashington, D.C. :$cNational Academy Press,$d1981. 215 $a1 online resource (xvi, 152 pages) $cillustrations, charts 300 $aBibliographic Level Mode of Issuance: Monograph 311 0 $a0-309-03181-8 320 $aIncludes bibliographical references. 606 $aAnimal nutrition 606 $aAnimal feeding 606 $aTemperature$xPhysiological effect 606 $aStress (Physiology) 606 $aVeterinary physiology 615 0$aAnimal nutrition. 615 0$aAnimal feeding. 615 0$aTemperature$xPhysiological effect. 615 0$aStress (Physiology) 615 0$aVeterinary physiology. 676 $a636.08/52 712 02$aNational Research Council (U.S.).$bCommittee on Animal Nutrition.$bSubcommittee on Environmental Stress. 801 0$bMiAaPQ 801 1$bMiAaPQ 801 2$bMiAaPQ 906 $aBOOK 912 $a9910778680903321 996 $aEffect of environment on nutrient requirements of domestic animals$93791552 997 $aUNINA LEADER 03131nam 2200553 450 001 9910734333003321 005 20230726160925.0 010 $a1-009-40350-8 024 7 $a10.1017/9781009403504 035 $a(CKB)27558694400041 035 $a(UkCbUP)CR9781009403504 035 $a(NjHacI)9927558694400041 035 $a(EXLCZ)9927558694400041 100 $a20230717e20232014 fy| 0 101 0 $aeng 135 $aur||||||||||| 181 $ctxt$2rdacontent 181 $csti$2rdacontent 182 $cc$2rdamedia 183 $acr$2rdacarrier 200 10$aGauge/string duality, hot QCD and heavy ion collisions /$fJorge Casalderrey-Solana, Hong Liu, David Mateos, Krishna Rajagopal, Urs Achim Wiedemann$b[electronic resource] 205 $a1st ed. 210 1$aCambridge :$cCambridge University Press,$d2023. 215 $a1 online resource (vi, 460 pages) $cillustrations (black and white, and colour), digital, PDF file(s) 300 $aPreviously issued in print: 2014. 311 $a9781009403498 320 $aIncludes bibliographical references and index. 327 $a1. Opening remarks; 2. A heavy ion phenomenology primer; 3. Results from lattice QCD at nonzero temperature; 4. Introducing the gauge/string duality; 5. A duality toolbox; 6. Bulk properties of strongly coupled plasma; 7. From hydrodynamics for far-from-equilibrium dynamics; 8. Probing strongly coupled plasma; 9. Quarkonium mesons in strongly coupled plasma; 10. Concluding remarks and outlook; Appendixes; References; Index. 330 8 $aHeavy ion collision experiments recreating the quark-gluon plasma that filled the microseconds-old universe have established that it is a nearly perfect liquid that flows with such minimal dissipation that it cannot be seen as made of particles. String theory provides a powerful toolbox for studying matter with such properties. This book provides a comprehensive introduction to gauge/string duality and its applications to the study of the thermal and transport properties of quark-gluon plasma, the dynamics of how it forms, the hydrodynamics of how it flows, and its response to probes including jets and quarkonium mesons. Calculations are discussed in the context of data from RHIC and LHC and results from finite temperature lattice QCD. The book is an ideal reference for students and researchers in string theory, quantum field theory, quantum many-body physics, heavy ion physics and lattice QCD. 606 $aQuantum field theory 606 $aString models 606 $aQuantum chromodynamics 606 $aHeavy ion collisions 615 0$aQuantum field theory. 615 0$aString models. 615 0$aQuantum chromodynamics. 615 0$aHeavy ion collisions. 676 $a530.143 700 $aCasalderrey-Solana$b Jorge$01373155 702 $aLiu$b Hong$c(Professor of physics), 702 $aLo?pez Mateos$b David 702 $aRajagopal$b Krishna$f1965- 702 $aWiedemann$b Urs Achim 801 0$bStDuBDS 801 1$bStDuBDS 906 $aBOOK 912 $a9910734333003321 996 $aGauge$93404193 997 $aUNINA